Ч.1 : Атомно-молекулярная теория, химическая кинетика, растворы, электролитическая диссоциация; Лабораторный практикум по химии

Λεπτομέρειες βιβλιογραφικής εγγραφής
Parent link:Лабораторный практикум по химии/ С. С. Щербаков; Московский авиационный институт (МАИ). Ч.1 : Атомно-молекулярная теория, химическая кинетика, растворы, электролитическая диссоциация.— , 1947
Γλώσσα:Ρωσικά
Έκδοση: 1947
Θέματα:
Μορφή: MixedMaterials Βιβλίο
KOHA link:https://koha.lib.tpu.ru/cgi-bin/koha/opac-detail.pl?biblionumber=274642

MARC

LEADER 00000nam0a2200000 4500
001 274642
005 20231101234740.0
035 |a (RuTPU)RU\TPU\book\297852 
090 |a 274642 
100 |a 20141107d1947 m y0rusy50 ca 
101 0 |a rus 
102 |a RU 
105 |a a j 000zy 
200 0 |a Ч.1 : Атомно-молекулярная теория, химическая кинетика, растворы, электролитическая диссоциация 
210 |d 1947 
215 |a 86 с.  |c ил. 
461 |t Лабораторный практикум по химии  |f С. С. Щербаков  |g Московский авиационный институт (МАИ)  |v Ч.1 : Атомно-молекулярная теория, химическая кинетика, растворы, электролитическая диссоциация  |d 1947 
606 1 |a Химия  |2 stltpush  |3 (RuTPU)RU\TPU\subj\17362  |9 43035 
610 1 |a учебные пособия 
610 1 |a лабораторные практикумы 
610 1 |a атомно-молекулярная теория 
610 1 |a химическая кинетика 
610 1 |a химические растворы 
610 1 |a электролитическая диссоциация 
675 |a 54(076.5)  |v 3 
801 1 |a RU  |b 63413507  |c 20141107 
801 2 |a RU  |b 63413507  |c 20221129  |g RCR 
942 |c BK